000 00702nam a2200277Ia 4500
005 20260324111806.0
008 008 260324s9999 xx 000 0 eng d
020 _a9781003595786
037 _aEBOOK
040 _aCRL
040 _beng
040 _cCRL
041 _2eng
041 _aeng
084 _qCRL
100 _aA. K. Pandey; H. Upreti; O. D. Makinde; A. J. Chamkha
_91140042
245 0 _aApplications of Hybrid Nanofluids in Science and Engineering
260 _bTaylor and Francis
260 _c2025
365 _a
365 _b355
856 _uhttp://www.taylorfrancis.com/books/9781003595786
942 _cEBOOK
999 _c1728966
_d1728966